00593nam a2200193Ia 4500008004100000082001000041100001700051245004500068260001900113300000600132600001700138630003100155655001300186700001700199730003100216942000900247999001900256952012400275090630s9999 xx 000 0 und d b28831 aEnid Blyton. aThe Mystery of holly lane.cEnid Blyton. bmammoth.c1955 a0 aEnid Blyton. aThe Mystery of holly lane. aEnglish. aEnid Blyton. aThe Mystery of holly lane. cBOOK c280687d280687 00104070aSAWASHRIbSAWASHRId2008-01-03g0.00l0o28831pSAWASHRI-28831r2009-06-30 00:00:00v0.00w2009-06-30yBOOK